000 00636nam a2200265Ia 4500
005 20260306164336.0
008 008 260114s9999 xx 000 0 eng d
020 _a9780262321099
037 _aEBOOK
040 _aCRL
040 _beng
040 _cCRL
041 _2eng
041 _aeng
084 _qCRL
100 _aDe Mooij, Nicodème
_91130495
245 0 _aTaxation And Regulation Of The Financial Sector
260 _bThe MIT Press
260 _c2015
650 _aEconomics & Finance
856 _uhttps://academic.oup.com/book/27892
942 _cEBOOK
999 _c1713714
_d1713714